| 000 | 00745nam a2200205 a 4500 | ||
|---|---|---|---|
| 005 | 20210223130201.0 | ||
| 008 | 070328s2003 mx r 000 0 spa d | ||
| 020 | _a9681210999 | ||
| 035 | _aUPN01000150028 | ||
| 049 | _aCG | ||
| 050 | 4 |
_aGN648 _bC3.4 |
|
| 100 | 1 | _aCastañeda Reyes, José Carlos | |
| 245 | 1 | 0 |
_aFronteras del placer, fronteras de la culpa : _ba propósito de la mutilación femenina en Egipto / _cJosé Carlos Castañeda Reyes. |
| 260 |
_aMéxico : _bEl Colegio de México, Centro de Estudios de Asia y Africa, _c2003. |
||
| 300 | _a116 p. | ||
| 650 | 4 |
_aCIRCUNCISION FEMENINA - _zEGIPTO - _xHISTORIA _96683 |
|
| 650 | 4 |
_aCLITORIDECTOMIA _96682 |
|
| 650 | 4 |
_aCOSTUMBRES SEXUALES - _zEGIPTO - _xHISTORIA _96684 |
|
| 905 | _aLibro | ||
| 999 |
_c122169 _d122169 |
||